[Event "44th Annual World Open"]
[Site "Philadelphia USA"]
[Date "2016.07.02"]
[Round "5"]
[White "Durarbayli, Vasif"]
[Black "Hilby, Craig"]
[Result "1-0"]
[WhiteTitle "GM"]
[BlackTitle "FM"]
[WhiteElo "2596"]
[BlackElo "2386"]
[WhiteFideId "13402935"]
[BlackFideId "2062674"]
[EventDate "2016.06.30"]
[EventType "swiss"]

1. d4 Nf6 2. c4 e6 3. Nc3 c5 4. d5 exd5 5. cxd5 d6 6. e4 g6 7. Bf4 a6 8. Nf3 b5
9. Be2 Bg7 10. e5 dxe5 11. Nxe5 O-O 12. O-O Bb7 13. Bf3 Nfd7 14. Nxd7 Nxd7 15.
d6 Bxf3 16. Qxf3 b4 17. Nd5 Bxb2 18. Rae1 Qh4 19. g3 Qh3 20. Bg5 Qh5 21. Qxh5
gxh5 22. Re7 f6 23. Bh6 Rf7 24. Rfe1 Ne5 25. Kf1 c4 26. f4 a5 27. fxe5 fxe5+ 28.
Ke2 c3 29. Rf1 1-0

[Event "44th Annual World Open"]
[Site "Philadelphia USA"]
[Date "2016.07.02"]
[Round "5"]
[White "Erenburg, Sergey"]
[Black "Shetty, Atulya"]
[Result "1/2-1/2"]
[WhiteTitle "GM"]
[BlackTitle "FM"]
[WhiteElo "2591"]
[BlackElo "2366"]
[WhiteFideId "2805642"]
[BlackFideId "2031213"]
[EventDate "2016.06.30"]
[EventType "swiss"]

1. e4 e6 2. d4 d5 3. Nd2 c5 4. Ngf3 cxd4 5. Nxd4 Nf6 6. exd5 Nxd5 7. N2f3 Bb4+
8. Bd2 O-O 9. Be2 Bxd2+ 10. Qxd2 Qf6 11. O-O-O Bd7 12. Qg5 Nc6 13. Qxf6 Nxf6 14.
Nb5 Nb4 15. a3 Nbd5 16. Ne5 Bxb5 17. Bxb5 Rac8 18. Rhe1 Rc7 19. Rd4 Rfc8 20. Bd3
Kf8 21. Kb1 Ne7 22. g4 h6 23. h4 Nc6 24. Nxc6 Rxc6 25. g5 Ne8 26. Be4 R6c7 27.
Red1 b6 28. Bd3 hxg5 29. hxg5 Rc5 30. f4 e5 31. Re4 exf4 32. Rh1 Kg8 33. Ba6 Rd8
34. Rxf4 Rxg5 35. Bc4 Nd6 36. Rfh4 Kf8 37. Re1 Kg8 38. Reh1 Kf8 39. Re1 Kg8 40.
Reh1 Kf8 41. Re1 1/2-1/2

[Event "44th Annual World Open"]
[Site "Philadelphia USA"]
[Date "2016.07.02"]
[Round "5"]
[White "Ramirez, Alejandro"]
[Black "Wang, Kevin"]
[Result "1/2-1/2"]
[WhiteTitle "GM"]
[BlackTitle "FM"]
[WhiteElo "2563"]
[BlackElo "2314"]
[WhiteFideId "6500617"]
[BlackFideId "2008424"]
[EventDate "2016.06.30"]
[EventType "swiss"]

1. Nf3 d5 2. c4 e6 3. b3 Nf6 4. g3 Be7 5. Bg2 O-O 6. O-O c5 7. Bb2 Nc6 8. cxd5
Nxd5 9. d4 cxd4 10. Nxd4 Nxd4 11. Qxd4 Bf6 12. Qd2 Nf4 13. gxf4 Qxd2 14. Nxd2
Bxb2 15. Rad1 Rb8 16. Nc4 Bf6 17. Rd2 Rd8 18. Rxd8+ Bxd8 19. Rd1 Be7 20. Nd6 Kf8
21. Nxc8 1/2-1/2

[Event "44th Annual World Open"]
[Site "Philadelphia USA"]
[Date "2016.07.02"]
[Round "5"]
[White "Santarius, Erik F"]
[Black "Shabalov, Alexander"]
[Result "0-1"]
[BlackTitle "GM"]
[WhiteElo "2302"]
[BlackElo "2533"]
[WhiteFideId "2025817"]
[BlackFideId "2008572"]
[EventDate "2016.06.30"]
[EventType "swiss"]

1. d4 Nf6 2. c4 e6 3. Nf3 c5 4. d5 exd5 5. cxd5 g6 6. Nc3 d6 7. e4 Bg7 8. Nd2
O-O 9. Be2 Na6 10. O-O Nc7 11. a4 b6 12. Nc4 Ba6 13. f4 Re8 14. Qc2 Qe7 15. e5
Nfxd5 16. Nxd6 Bxe2 17. Nxe8 Bxf1 18. Nxc7 Nxc7 19. Kxf1 f6 20. exf6 Qxf6 21.
Be3 Re8 22. Re1 Qh4 23. g3 Qh3+ 24. Qg2 Qe6 25. Qb7 Qh3+ 26. Qg2 Qf5 27. Qd2
Bxc3 28. bxc3 Qe4 29. Qa2+ Nd5 30. Kf2 Kf7 31. Bd2 Qd3 32. Rxe8 Kxe8 33. h3 Kd7
34. Be1 Qe3+ 35. Kf1 Qf3+ 36. Kg1 Kc6 37. Kh2 Qe4 38. Bf2 Nxc3 39. Qg8 Qe7 40.
Qc8+ Kd5 41. Qg8+ Qe6 42. Qxh7 a5 43. h4 Kc4 44. Kg1 Ne2+ 45. Kf1 Kd3 46. Qb7
Nd4 47. Bxd4 cxd4 48. Qf3+ Kc2 49. g4 d3 50. f5 gxf5 51. gxf5 Qc4 0-1

[Event "44th Annual World Open"]
[Site "Philadelphia USA"]
[Date "2016.07.02"]
[Round "5"]
[White "Balakrishnan, Praveen"]
[Black "Panchanathan, Magesh Chandran"]
[Result "1/2-1/2"]
[WhiteTitle "FM"]
[BlackTitle "GM"]
[WhiteElo "2363"]
[BlackElo "2518"]
[WhiteFideId "2064871"]
[BlackFideId "5007429"]
[EventDate "2016.06.30"]
[EventType "swiss"]

1. e4 e5 2. Nf3 Nc6 3. Bb5 a6 4. Ba4 Nf6 5. O-O Be7 6. Re1 b5 7. Bb3 d6 8. c3
O-O 9. d4 Bg4 10. Be3 exd4 11. cxd4 d5 12. e5 Ne4 13. Nc3 Nxc3 14. bxc3 Qd7 15.
Bc2 Bh5 16. Qb1 Bg6 17. Bxg6 hxg6 18. Bg5 Nd8 19. Bxe7 Qxe7 20. a4 Rb8 21. axb5
axb5 22. Ra5 Qd7 23. Ng5 Qg4 24. Nf3 c6 25. e6 Nxe6 26. Ne5 Qg5 27. Nxc6 Rbc8
28. Qxb5 Rc7 29. Nb4 Rxc3 30. Qxd5 Rc1 31. Nd3 Rxe1+ 32. Nxe1 Qc1 33. Qe4 Nxd4
34. Ra8 Rxa8 35. Qxa8+ Kh7 36. Qe4 Nc2 1/2-1/2

[Event "44th Annual World Open"]
[Site "Philadelphia USA"]
[Date "2016.07.02"]
[Round "5"]
[White "Morrison, William"]
[Black "Ashwin, Jayaram"]
[Result "1/2-1/2"]
[WhiteTitle "FM"]
[BlackTitle "GM"]
[WhiteElo "2295"]
[BlackElo "2460"]
[WhiteFideId "2009315"]
[BlackFideId "5018137"]
[EventDate "2016.06.30"]
[EventType "swiss"]

1. e4 c5 2. Nf3 d6 3. c3 Nf6 4. Be2 Nbd7 5. d3 b6 6. Nbd2 Bb7 7. O-O e6 8. d4
Nxe4 9. Nxe4 Bxe4 10. Ng5 Bg6 11. d5 e5 12. f4 Be7 13. Ne6 fxe6 14. dxe6 Nf6 15.
f5 O-O 16. fxg6 Qc8 17. gxh7+ Kh8 18. Bc4 b5 19. Bd5 Rb8 20. Be3 Re8 21. b3 Nxd5
22. Qxd5 Rb6 23. Rf7 Bf6 24. Rd7 Qc6 25. c4 bxc4 26. bxc4 Qxd5 27. cxd5 Re7 28.
Rxe7 Bxe7 29. Rf1 Kxh7 30. Rf7 Rb7 31. Kf1 Kg6 32. g4 c4 33. Ke2 Rb2+ 34. Kd1
Bh4 35. g5 Rb5 36. Rf8 Rb7 37. Rd8 Bxg5 38. Bxg5 Kxg5 39. Rd7 Rb8 40. Rxd6 Kf6
41. Rd7 e4 42. h4 e3 43. Ke2 c3 44. Rc7 Ke5 45. Kxe3 Kxd5 1/2-1/2

[Event "44th Annual World Open"]
[Site "Philadelphia USA"]
[Date "2016.07.02"]
[Round "5"]
[White "Tang, Andrew"]
[Black "Nikhilesh, Kumar K."]
[Result "1-0"]
[WhiteTitle "IM"]
[BlackTitle "FM"]
[WhiteElo "2416"]
[BlackElo "2239"]
[WhiteFideId "2059630"]
[BlackFideId "5012554"]
[EventDate "2016.06.30"]
[EventType "swiss"]

1. d4 Nf6 2. c4 g6 3. f3 d5 4. cxd5 Nxd5 5. e4 Nb6 6. Nc3 Bg7 7. Be3 Nc6 8. d5
Ne5 9. f4 Ng4 10. Bb5+ Kf8 11. Bc5 h5 12. h3 Nh6 13. Nf3 Kg8 14. Qe2 a6 15. Bd3
e6 16. dxe6 Bxe6 17. O-O Nd7 18. Be3 f6 19. Nh4 Bf7 20. e5 f5 21. Nf3 Nf8 22.
Ng5 Ne6 23. Rad1 Qe8 24. Nd5 Rc8 25. Bc4 b5 26. Bb3 c5 27. Rd2 c4 28. Bc2 Nxg5
29. fxg5 Bxe5 30. gxh6 Bxb2 31. Qf3 Rd8 32. Bg5 Rxd5 33. Rxd5 Bxd5 34. Qxd5+ Qf7
35. Qa8+ Kh7 36. Qxa6 Bd4+ 37. Kh1 b4 38. Qb5 Ra8 39. Be4 Rxa2 40. Bd5 Qf8 41.
Qd7+ Kh8 42. Be7 Qb8 43. Bd6 Ra7 44. Qg7+ Bxg7 45. hxg7+ Kxg7 46. Bxb8 1-0

[Event "44th Annual World Open"]
[Site "Philadelphia USA"]
[Date "2016.07.02"]
[Round "5"]
[White "Korley, Kassa"]
[Black "Feng, Maggie"]
[Result "1-0"]
[WhiteTitle "IM"]
[BlackTitle "WCM"]
[WhiteElo "2397"]
[BlackElo "2227"]
[WhiteFideId "2033801"]
[BlackFideId "2078090"]
[EventDate "2016.06.30"]
[EventType "swiss"]

1. Nf3 d5 2. d4 c5 3. e3 Nf6 4. Be2 Nc6 5. O-O g6 6. dxc5 Qa5 7. a3 Qxc5 8. b4
Qb6 9. Bb2 Bg7 10. c4 dxc4 11. Nbd2 O-O 12. Nxc4 Qd8 13. b5 Qxd1 14. Rfxd1 Nb8
15. Rac1 Nbd7 16. Na5 b6 17. Nc6 Re8 18. Nb4 Nc5 19. Bd4 Nfd7 20. Bxg7 Kxg7 21.
Nd4 Bb7 22. f3 Nf8 23. Kf2 a5 24. bxa6 Nxa6 25. Bb5 Rec8 26. Rxc8 Bxc8 27. Nd5
Nc5 28. Nxb6 Rb8 29. Nxc8 Rxc8 30. a4 Ra8 31. Ra1 e5 32. Nc6 f6 33. a5 Nfe6 34.
Bc4 Nc7 35. Rb1 Rc8 36. Rb8 Rxb8 37. Nxb8 Nb7 38. a6 Nd6 39. Bd3 Nc8 40. Nc6 Nb6
41. Nb4 Nc8 42. e4 Na7 43. h4 Kf7 44. Bc4+ Kg7 45. Ke3 Ne8 46. Bd5 Nc7 47. Kd3
Kf8 48. Kc4 Ke7 49. Kc5 Kd8 50. Bc4 Kd7 51. Nd5 Ne6+ 52. Kb4 Nd4 53. Nxf6+ Kd6
54. Nxh7 Nac6+ 55. Kc3 Kc5 56. Nf8 Kd6 57. Nxg6 1-0

[Event "44th Annual World Open"]
[Site "Philadelphia USA"]
[Date "2016.07.02"]
[Round "5"]
[White "Colas, Joshua"]
[Black "Zhou, Guijue"]
[Result "1/2-1/2"]
[WhiteTitle "FM"]
[BlackTitle "WIM"]
[WhiteElo "2387"]
[BlackElo "2238"]
[WhiteFideId "2044447"]
[BlackFideId "8602905"]
[EventDate "2016.06.30"]
[EventType "swiss"]

1. d4 Nf6 2. c4 e6 3. Nc3 d5 4. Bg5 c6 5. e3 Nbd7 6. Nf3 Qa5 7. cxd5 Nxd5 8. Qb3
Bd6 9. Be2 O-O 10. O-O Nxc3 11. bxc3 Re8 12. Bh4 b6 13. Nd2 Ba6 14. Bxa6 Qxa6
15. Nc4 Bf8 16. Bg3 c5 17. a4 Rac8 18. Rfc1 cxd4 19. cxd4 Rc6 20. Rc2 Rec8 21.
Rac1 Qb7 22. h3 Qa8 23. a5 bxa5 24. Nxa5 Rxc2 25. Rxc2 Nb6 26. Rxc8 Qxc8 27. Qb5
Nd5 28. Kh2 h6 29. Nb7 Qa8 30. e4 a6 31. Qc6 Ne7 32. Qb6 a5 33. Qb5 a4 34. d5
exd5 35. exd5 Ng6 36. d6 a3 37. Na5 a2 38. Qa4 Qd5 39. d7 Qxd7 40. Qxd7 a1=Q 41.
Qf5 Ne7 42. Qb5 Qf6 43. Qe8 Ng6 44. Nb7 h5 45. f3 1/2-1/2

[Event "44th Annual World Open"]
[Site "Philadelphia USA"]
[Date "2016.07.02"]
[Round "5"]
[White "Priyanka Nutakki"]
[Black "Ludwig, John G"]
[Result "1/2-1/2"]
[WhiteElo "1959"]
[BlackElo "2348"]
[WhiteFideId "25049615"]
[BlackFideId "2075512"]
[EventDate "2016.06.30"]
[EventType "swiss"]

1. d4 Nf6 2. c4 c5 3. d5 e6 4. Nc3 exd5 5. cxd5 d6 6. Nf3 g6 7. Bf4 Bg7 8. Qa4+
Bd7 9. Qb3 Qc7 10. e4 O-O 11. Be2 b5 12. Bxb5 Nxe4 13. Nxe4 Qa5+ 14. Bd2 Qxb5
15. Qxb5 Bxb5 16. Nxd6 Ba6 17. O-O-O Be2 18. Rde1 Bxf3 19. gxf3 Nd7 20. Nc4 Nb6
21. Ne3 Rad8 22. Ba5 Rd6 23. Rd1 Bd4 24. Bc3 Bxc3 25. bxc3 Rf6 26. Rd2 Rd8 27.
Kc2 Rxf3 28. a4 Rf4 29. a5 Nc8 30. Ra1 Nd6 31. Ng2 Rf3 32. Ra4 Rh3 33. Rh4 Rxh4
34. Nxh4 Nc4 35. Rd1 Nxa5 36. Ng2 Nc4 37. Kb3 Nd6 38. Ne3 a5 39. Ka4 Ne4 40.
Kxa5 Nxc3 41. Rd3 Ne4 42. f3 Nd6 43. Rc3 Kf8 44. Kb6 c4 45. Ng4 Nf5 46. Kc5 Ne7
47. Ne3 Rc8+ 1/2-1/2

[Event "44th Annual World Open"]
[Site "Philadelphia USA"]
[Date "2016.07.02"]
[Round "5"]
[White "Chase, Christopher"]
[Black "Ghatti, Sanjay"]
[Result "0-1"]
[WhiteTitle "FM"]
[WhiteElo "2282"]
[BlackElo "2150"]
[WhiteFideId "2002396"]
[BlackFideId "2076438"]
[EventDate "2016.06.30"]
[EventType "swiss"]

1. Nf3 d5 2. g3 Nf6 3. Bg2 e6 4. O-O Be7 5. d3 c6 6. Nbd2 Qc7 7. e4 dxe4 8. dxe4
e5 9. h3 h6 10. Re1 Be6 11. Qe2 Nbd7 12. b3 O-O-O 13. Bb2 Ne8 14. Nc4 f6 15. Nh4
Nf8 16. a4 Bc5 17. a5 g5 18. Nf5 h5 19. c3 a6 20. b4 Ba7 21. Bc1 h4 22. Be3 Bxe3
23. Ncxe3 hxg3 24. fxg3 Ng7 25. c4 Bxf5 26. exf5 Nh5 27. Qf2 e4 28. Kh2 Nd7 29.
Ng4 Ne5 30. Rxe4 Nd3 31. Qe3 Nxb4 32. Re7 Rd7 33. Rxd7 Qxd7 34. Rb1 Re8 35. Qc3
Na2 36. Qf3 Qc7 37. Nf2 Ng7 38. Ne4 Rxe4 39. Qxe4 Nc3 40. Qd3 Nxb1 41. Qxb1 Qe5
42. Bf3 Qxa5 43. Qe4 Qd2+ 44. Kg1 Qd6 45. Kg2 a5 46. h4 gxh4 47. gxh4 a4 48. h5
a3 49. Qe3 a2 50. c5 Qe5 51. Qxe5 fxe5 52. h6 Nxf5 0-1

[Event "44th Annual World Open"]
[Site "Philadelphia USA"]
[Date "2016.07.02"]
[Round "5"]
[White "Atoufi, Pedram"]
[Black "Melashvili, Nino"]
[Result "1-0"]
[WhiteTitle "FM"]
[BlackTitle "WIM"]
[WhiteElo "2272"]
[BlackElo "2140"]
[WhiteFideId "12501654"]
[BlackFideId "13600397"]
[EventDate "2016.06.30"]
[EventType "swiss"]

1. e4 d5 2. exd5 Nf6 3. d4 Nxd5 4. c4 Nb6 5. Nc3 Nc6 6. d5 Nb4 7. a3 Na6 8. Bg5
Qd6 9. Nf3 Bg4 10. Be2 Bxf3 11. Bxf3 Nc5 12. Qe2 Qg6 13. Be3 Nd3+ 14. Kf1 Ne5
15. Be4 f5 16. Bxb6 axb6 17. Bc2 Qf6 18. Ba4+ Nd7 19. h4 O-O-O 20. Re1 Nc5 21.
Bc2 g6 22. Rh3 Re8 23. b4 Nd7 24. Ba4 Bg7 25. c5 bxc5 26. Bxd7+ Kxd7 27. Qb5+
Kc8 28. Re6 Qd4 29. bxc5 Bf6 30. Rd3 Qxh4 31. c6 1-0

[Event "44th Annual World Open"]
[Site "Philadelphia USA"]
[Date "2016.07.02"]
[Round "5"]
[White "Kretchetov, Alexandre"]
[Black "Guo, Arthur"]
[Result "1/2-1/2"]
[WhiteTitle "FM"]
[BlackTitle "CM"]
[WhiteElo "2246"]
[BlackElo "2075"]
[WhiteFideId "4124588"]
[BlackFideId "30903114"]
[EventDate "2016.06.30"]
[EventType "swiss"]

1. d4 Nf6 2. Bg5 d5 3. e3 c5 4. c3 Nc6 5. Nf3 Qb6 6. Qc1 Bf5 7. Be2 Rc8 8. O-O
Ne4 9. Bf4 g6 10. Rd1 Bg7 11. Nbd2 cxd4 12. exd4 O-O 13. Be3 Nd6 14. Nb3 Ne4 15.
h3 Rfd8 16. Nfd2 Nd6 17. Nf1 Nb4 18. g4 Bd7 19. Nc5 Nc6 20. Ng3 Qc7 21. Bh6 b6
22. Nxd7 Qxd7 23. Bxg7 Kxg7 24. Bf3 e6 25. Kg2 Qe7 26. h4 f5 27. h5 Ne4 28. hxg6
hxg6 29. Bxe4 dxe4 30. gxf5 exf5 31. Rh1 Rh8 32. Qf4 Qf7 33. Rag1 Rhg8 34. Qh6+
Kf6 35. Nh5+ Ke7 36. Qg5+ Kd6 37. Nf4 Ne7 38. Rh6 Kc7 39. b3 Kb8 40. c4 Nc6 41.
d5 Ne5 42. Ne6 Nf3 43. Qf4+ Ka8 44. Rgh1 g5 45. Qd6 Nh4+ 46. Kf1 f4 47. Qe5 Qf5
48. Qxf5 Nxf5 49. Rf6 Ng7 50. Nxg5 Ne8 51. Rf5 b5 52. Nxe4 bxc4 53. Rh3 cxb3 54.
axb3 Nc7 55. Rc3 Rgd8 56. d6 Ne6 57. Rd3 Rc6 58. Kg2 Kb7 59. Kf3 Kb6 60. Rf6 Nf8
61. Kxf4 Nd7 62. Rf7 a5 63. Rd5 Ka6 64. Rff5 Kb7 65. Rxa5 Rb6 66. Rab5 Rxb5 67.
Rxb5+ Kc6 68. Rb4 Rf8+ 69. Ke3 Nb6 70. Kd4 Rf4 71. Ke5 Rf3 72. Rd4 Nd7+ 73. Ke6
Nf8+ 74. Ke7 Ng6+ 75. Ke6 Nf8+ 1/2-1/2

[Event "44th Annual World Open"]
[Site "Philadelphia USA"]
[Date "2016.07.03"]
[Round "6.1"]
[White "Bologan, Viktor"]
[Black "Gelashvili, Tamaz"]
[Result "1-0"]
[WhiteTitle "GM"]
[BlackTitle "GM"]
[WhiteElo "2654"]
[BlackElo "2557"]
[WhiteFideId "13900048"]
[BlackFideId "13600702"]
[EventDate "2016.06.30"]

1. d4 Nf6 2. c4 e6 3. Nf3 d5 4. Nc3 Bb4 5. cxd5 exd5 6. Qa4+ Nc6 7. Bg5 h6 8.
Bxf6 Qxf6 9. Rc1 O-O 10. e3 Qg6 11. Qd1 Rd8 12. h3 a6 13. a3 Bf8 14. Bd3 Qf6 15.
O-O Bf5 16. Na4 Bxd3 17. Qxd3 Bd6 18. Nc5 Rab8 19. b4 Ne7 20. a4 Nc6 21. b5 Nb4
22. Qb3 a5 23. Nd3 Nxd3 24. Qxd3 Rd7 25. Rc2 Re8 26. Rfc1 Qe6 27. Qc3 Bb4 28.
Qb2 Bd6 29. Ne5 Rde7 30. Qc3 b6 31. Nc6 Rd7 32. Qd3 f5 33. Rc3 f4 34. Qd1 Rf7
35. exf4 Bxf4 36. Rb1 Qe2 37. Rf3 Qxd1+ 38. Rxd1 Re2 39. Kf1 Re4 40. Re1 Rxe1+
41. Kxe1 Bd6 42. Re3 g5 43. Ke2 Kg7 44. g3 Rd7 45. Re6 Rf7 46. Ne5 Bxe5 47. dxe5
h5 48. Rc6 g4 49. hxg4 hxg4 50. e6 Rf5 51. Rxc7+ Kg6 52. Rc6 Re5+ 53. Kd3 Re4
54. Rxb6 Kf6 55. Rb8 Rxe6 56. Ra8 Ke5 57. Ra6 Re7 58. Rxa5 Rf7 59. b6 Rf3+ 1-0

[Event "44th Annual World Open"]
[Site "Philadelphia USA"]
[Date "2016.07.03"]
[Round "6.2"]
[White "Papp, Gabor1"]
[Black "Zherebukh, Yaroslav"]
[Result "1/2-1/2"]
[WhiteTitle "GM"]
[BlackTitle "GM"]
[WhiteElo "2596"]
[BlackElo "2595"]
[WhiteFideId "718602"]
[BlackFideId "14116804"]
[EventDate "2016.06.30"]

1. e4 e5 2. Nf3 Nc6 3. Bb5 Nf6 4. O-O Nxe4 5. Re1 Nd6 6. Nxe5 Be7 7. Bf1 Nxe5 8.
Rxe5 O-O 9. Nc3 Ne8 10. Nd5 Bd6 11. Re1 c6 12. Ne3 Bc7 13. Nf5 d5 14. Ne7+ Kh8
15. Nxc8 Rxc8 16. d3 Nf6 17. g3 Qd7 18. Qf3 Rce8 19. Bd2 Rxe1 20. Rxe1 Re8 21.
Rxe8+ Nxe8 22. Bh3 Qe7 23. c4 dxc4 24. dxc4 Kg8 25. Qe3 Qxe3 26. Bxe3 Nd6 27.
Bxa7 Nxc4 28. b3 Nd6 29. Bd4 Nb5 30. Bb2 Bb6 31. Kf1 Bd4 32. Bc1 Nc3 33. a3 Kf8
34. Bc8 b6 35. Bb7 c5 36. a4 Ke7 37. Bf4 c4 38. bxc4 Nxa4 39. Ke2 Nc5 40. Bd5
Nd7 41. Bc7 Be5 42. Bxe5 Nxe5 43. f4 1/2-1/2

[Event "44th Annual World Open"]
[Site "Philadelphia USA"]
[Date "2016.07.03"]
[Round "6.4"]
[White "Burke, John M"]
[Black "Bachmann, Axel"]
[Result "0-1"]
[WhiteTitle "IM"]
[BlackTitle "GM"]
[WhiteElo "2584"]
[BlackElo "2642"]
[WhiteFideId "2070901"]
[BlackFideId "3700488"]
[EventDate "2016.06.30"]

1. e4 e5 2. Nf3 Nc6 3. Bb5 a6 4. Ba4 d6 5. Bxc6+ bxc6 6. d4 f6 7. Nc3 g6 8. h3
Bg7 9. Qe2 Ne7 10. Be3 exd4 11. Nxd4 c5 12. Nb3 Be6 13. Rd1 Qb8 14. Nd5 Nc6 15.
O-O O-O 16. Qd2 a5 17. a4 f5 18. Bh6 Bxh6 19. Qxh6 fxe4 20. Rfe1 Bxd5 21. Rxd5
Qe8 22. Qh4 Qf7 23. Rd2 c4 24. Nd4 Nxd4 25. Rxd4 d5 26. Red1 c6 27. R1d2 Rab8
28. c3 Rbe8 29. Qg3 Qf4 30. Qxf4 Rxf4 31. Rc2 g5 32. Kf1 Kf7 0-1

[Event "44th Annual World Open"]
[Site "Philadelphia USA"]
[Date "2016.07.03"]
[Round "6"]
[White "Shimanov, Aleksandr"]
[Black "Popilski, Gil"]
[Result "1/2-1/2"]
[WhiteTitle "GM"]
[BlackTitle "GM"]
[WhiteElo "2631"]
[BlackElo "2542"]
[WhiteFideId "4198603"]
[BlackFideId "2809060"]
[EventDate "2016.06.30"]
[EventType "swiss"]

1. d4 Nf6 2. Bf4 d5 3. e3 e6 4. Nd2 Bd6 5. Bg3 c5 6. Ngf3 Nc6 7. c3 O-O 8. Bd3
b6 9. Qe2 Bb7 10. Rd1 h6 11. Ne5 Qc7 12. f4 Ne7 13. Qf3 Nf5 14. Bf2 Be7 15. g4
Nd6 16. g5 hxg5 17. fxg5 Nfe4 18. Bxe4 dxe4 19. Qh5 cxd4 20. cxd4 Bxg5 21. Rg1
f6 22. Ng6 Nf7 23. Bh4 Bxe3 24. Bxf6 Bxg1 25. Ne7+ Qxe7 26. Bxe7 e3 27. Nc4 Ng5
28. Bxf8 Bf2+ 29. Kf1 Rxf8 30. Ne5 Bg3+ 31. Ke2 Bxe5 32. Qxg5 Bf3+ 33. Ke1 Bxh2
34. Rd3 Bf4 35. Qh4 g5 36. Qh3 g4 37. Qh4 Kg7 38. d5 exd5 39. Rxe3 Bxe3 40. Qe7+
Rf7 41. Qxe3 Kf6 42. Kf2 Re7 43. Qc3+ Ke6 44. Qc8+ Kd6 45. Qd8+ Rd7 46. Qb8+ Kc6
47. Qa8+ Kd6 48. Qb8+ Rc7 49. Ke3 Kc6 1/2-1/2

[Event "44th Annual World Open"]
[Site "Philadelphia USA"]
[Date "2016.07.03"]
[Round "6"]
[White "Shabalov, Alexander"]
[Black "Akobian, Varuzhan"]
[Result "1/2-1/2"]
[WhiteTitle "GM"]
[BlackTitle "GM"]
[WhiteElo "2533"]
[BlackElo "2612"]
[WhiteFideId "2008572"]
[BlackFideId "13300580"]
[EventDate "2016.06.30"]
[EventType "swiss"]

1. c4 e5 2. Nc3 Nc6 3. Nf3 Nf6 4. a3 d5 5. cxd5 Nxd5 6. Qc2 Nxc3 7. bxc3 Bd6 8.
d4 Qe7 9. e3 O-O 10. Be2 Re8 11. O-O Bg4 12. h3 Bd7 13. Re1 e4 14. Nd2 Na5 15.
Bf1 c5 16. c4 b6 17. Bb2 Rac8 18. Rad1 f5 19. Qc3 Ba4 20. Rb1 Rc7 21. Be2 Qf7
22. f3 cxd4 23. Qxd4 Be5 24. Qd5 Qxd5 25. cxd5 Rc2 26. Bd1 Rxb2 27. Bxa4 Rd8 28.
Rxb2 Bxb2 29. fxe4 fxe4 30. Nb3 Rxd5 31. Nxa5 Rxa5 32. Bb3+ Kf8 33. a4 Rc5 34.
Re2 Bc1 35. Kf2 Rc3 36. Bd5 Ra3 37. Re1 Bd2 38. Re2 Bc1 39. Re1 Rc3 40. Bxe4 h6
41. Bb7 Ke7 42. Ba6 Ke6 43. Kf3 Ke5 44. Bb5 a5 45. Ba6 Bd2 46. Rd1 Bxe3 47. Rd3 1/2-1/2

[Event "44th Annual World Open"]
[Site "Philadelphia USA"]
[Date "2016.07.03"]
[Round "6"]
[White "Kacheishvili, Giorgi"]
[Black "Bryant, John Daniel"]
[Result "1-0"]
[WhiteTitle "GM"]
[BlackTitle "IM"]
[WhiteElo "2589"]
[BlackElo "2439"]
[WhiteFideId "13600613"]
[BlackFideId "2031280"]
[EventDate "2016.06.30"]
[EventType "swiss"]

1. d4 Nf6 2. c4 e6 3. Nf3 d5 4. e3 c5 5. cxd5 exd5 6. Bb5+ Nc6 7. O-O cxd4 8.
Nxd4 Bd7 9. Nc3 Bd6 10. Be2 Nxd4 11. Qxd4 Bc6 12. b4 a6 13. b5 axb5 14. Nxb5 Be7
15. Bb2 O-O 16. Rfd1 Qd7 17. a4 Rfd8 18. Rdc1 Bf8 19. Na7 Ne4 20. a5 f6 21. Bd3
Nc5 22. Nxc6 Nxd3 23. Qxd3 bxc6 24. Bd4 Bd6 25. Bb6 Bc7 26. h4 Qd6 27. g3 Bxb6
28. axb6 Rxa1 29. Rxa1 Rb8 30. Rb1 c5 31. Qb5 Kf8 32. Kf1 d4 33. exd4 Qxd4 34.
Qc6 Qd3+ 35. Kg2 Qxb1 36. Qd6+ Kf7 37. Qxb8 Qe4+ 38. Kh2 Qf3 39. Qc7+ Ke6 40.
Qxc5 h5 41. Kg1 1-0

[Event "44th Annual World Open"]
[Site "Philadelphia USA"]
[Date "2016.07.03"]
[Round "6"]
[White "Shetty, Atulya"]
[Black "Nyzhnyk, Illya"]
[Result "1/2-1/2"]
[WhiteTitle "FM"]
[BlackTitle "GM"]
[WhiteElo "2366"]
[BlackElo "2622"]
[WhiteFideId "2031213"]
[BlackFideId "14118084"]
[EventDate "2016.06.30"]
[EventType "swiss"]

1. c4 c6 2. g3 d5 3. Bg2 dxc4 4. Nf3 Nd7 5. O-O Nb6 6. Qc2 Nf6 7. a4 a5 8. Na3
Qd5 9. Ne1 Qh5 10. Nxc4 Nxc4 11. Qxc4 Be6 12. Bxc6+ Nd7 13. Qb5 Qxb5 14. Bxb5 g6
15. Nd3 Bf5 16. e4 Bh3 17. Re1 g5 18. Ne5 Bg7 19. d4 h6 20. Nc4 Bxd4 21. Rd1 e5
22. Be3 Bxe3 23. Nxe3 O-O-O 24. Nc4 Kb8 25. f3 Be6 26. Nxa5 Nb6 27. Kf2 Rxd1 28.
Rxd1 Rc8 29. Ke3 Rc5 30. b4 Rc3+ 31. Rd3 Rc2 32. Rd2 Rc3+ 33. Rd3 Rc2 1/2-1/2

[Event "44th Annual World Open"]
[Site "Philadelphia USA"]
[Date "2016.07.03"]
[Round "6"]
[White "Azarov, Sergei"]
[Black "Balakrishnan, Praveen"]
[Result "1-0"]
[WhiteTitle "GM"]
[BlackTitle "FM"]
[WhiteElo "2585"]
[BlackElo "2363"]
[WhiteFideId "13501470"]
[BlackFideId "2064871"]
[EventDate "2016.06.30"]
[EventType "swiss"]

1. e4 c6 2. d4 d5 3. e5 Bf5 4. Nf3 e6 5. Be2 c5 6. Be3 cxd4 7. Nxd4 Ne7 8. Nd2
Nbc6 9. N2f3 Be4 10. O-O a6 11. Bf4 Nxd4 12. Nxd4 Nc6 13. Nxc6 bxc6 14. Bd3 Bxd3
15. cxd3 Qb6 16. Rc1 c5 17. Rc2 Qb4 18. Qf3 Be7 19. Qg3 g6 20. Bh6 Rc8 21. Rfc1
Qd4 22. h3 Kd7 23. Bd2 Rhf8 24. Rc3 Bh4 25. Qf3 Qxe5 26. Bf4 Qf6 27. Rxc5 Rxc5
28. Rxc5 Rc8 29. Rxc8 Kxc8 30. Qe3 Qxb2 31. Qc5+ Kd7 32. Qc7+ Ke8 33. Qc6+ Ke7
34. g3 e5 35. Bc1 Qxa2 36. gxh4 Qb1 37. Kh2 Qxd3 38. Bg5+ f6 39. Bxf6+ Kf7 40.
Bxe5 Qf3 41. Qd7+ Kf8 42. Kg1 a5 43. Bg7+ Kg8 44. Bh6 1-0